Geography Quiz

Random Geography or Color Quiz

Secret Country XVII Quiz Stats

 Plays Quiz Updated Feb 20, 2019

Also try: Secret Country XVI
Challenge
Share
Tweet
Score 0/197 Timer 01:00
30 Plays Today
% Correct
Italy
82.4%
Greece
71.8%
France
70.5%
Germany
69%
Russia
67.9%
United Kingdom
67.4%
Croatia
66.5%
Turkey
65.1%
United States of America
65.1%
Spain
64.7%
Austria
63.1%
Serbia
61.4%
Romania
61.1%
Hungary
60.4%
Poland
60.1%
Slovenia
59.7%
Switzerland
59%
Egypt
58.9%
Albania
58.7%
China
58.4%
Slovakia
58%
North Macedonia
57.8%
Bulgaria
57.7%
Czechia
57.5%
Brazil
57.3%
Vatican City
57.3%
Ukraine
56.8%
Bosnia and Herzegovina
56.2%
Canada
55.6%
Montenegro
55.1%
San Marino
54.7%
Malta
54.7%
India
54.4%
Australia
53.9%
Mexico
53.7%
Moldova
53.4%
Cyprus
53.4%
Morocco
53.3%
Sweden
53.3%
South Africa
53%
Algeria
53%
Libya
53%
Norway
53%
Chad
53%
Portugal
52.8%
Monaco
52.7%
Belarus
52.4%
Iran
51.9%
Iceland
51.7%
Belgium
51.6%
Ireland
51.6%
Saudi Arabia
51.6%
Andorra
51%
Tunisia
51%
Finland
51%
Sudan
51%
Israel
50.9%
Niger
50.9%
Liechtenstein
50.8%
Luxembourg
50.7%
Denmark
50.6%
Estonia
50.5%
Latvia
50.5%
Mali
50.1%
Iraq
50.1%
Netherlands
50%
% Correct
Panama
49.9%
Lithuania
49.8%
Japan
49.8%
Democratic Republic of the Congo
49.7%
Chile
49.6%
Syria
49.4%
Argentina
49.3%
New Zealand
49.2%
Cuba
49.2%
Kenya
49.2%
Jordan
49.1%
Ghana
49.1%
Peru
49%
Oman
49%
United Arab Emirates
49%
Georgia
49%
Yemen
48.9%
Armenia
48.8%
Honduras
48.8%
Indonesia
48.7%
Guatemala
48.7%
Lebanon
48.7%
Nicaragua
48.6%
Nigeria
48.5%
Somalia
48.5%
Belize
48.5%
Costa Rica
48.5%
Ethiopia
48.5%
Angola
48.4%
Central African Republic
48.4%
Mongolia
48.4%
Republic of the Congo
48.4%
Bolivia
48.4%
Togo
48.4%
Colombia
48.3%
Madagascar
48.3%
Fiji
48.3%
Palestine
48.2%
Senegal
48.2%
El Salvador
48.1%
Pakistan
48.1%
Venezuela
48.1%
Uganda
48.1%
Cote d'Ivoire
48.1%
Jamaica
48.1%
Liberia
48%
Uruguay
48%
Ecuador
48%
Haiti
48%
Kazakhstan
48%
Lesotho
48%
Vietnam
47.9%
Qatar
47.9%
Azerbaijan
47.9%
Gabon
47.9%
Paraguay
47.9%
Afghanistan
47.9%
Laos
47.9%
Nepal
47.9%
Papua New Guinea
47.9%
Kuwait
47.9%
Thailand
47.9%
Benin
47.9%
Rwanda
47.9%
Cameroon
47.8%
Samoa
47.8%
% Correct
Maldives
47.8%
Mauritania
47.8%
Sierra Leone
47.8%
Malaysia
47.8%
Tonga
47.8%
The Bahamas
47.8%
The Gambia
47.8%
Guinea
47.8%
Micronesia
47.8%
Nauru
47.8%
Palau
47.8%
Philippines
47.8%
Zimbabwe
47.8%
South Korea
47.7%
Tuvalu
47.8%
Namibia
47.7%
South Sudan
47.7%
Uzbekistan
47.7%
Vanuatu
47.7%
Dominica
47.7%
Djibouti
47.7%
Botswana
47.7%
Kiribati
47.7%
North Korea
47.7%
Tanzania
47.7%
Zambia
47.7%
Eritrea
47.7%
Malawi
47.7%
Singapore
47.7%
Suriname
47.7%
Bhutan
47.7%
Solomon Islands
47.7%
Bahrain
47.6%
Turkmenistan
47.6%
Barbados
47.6%
Mozambique
47.6%
Guyana
47.6%
Marshall Islands
47.6%
Timor-Leste
47.6%
Seychelles
47.6%
Sri Lanka
47.6%
Cambodia
47.6%
Brunei
47.6%
Burkina Faso
47.6%
eSwatini
47.6%
Cabo Verde
47.6%
Kyrgyzstan
47.6%
Myanmar
47.6%
Taiwan
47.6%
Trinidad and Tobago
47.6%
Saint Kitts and Nevis
47.6%
Saint Lucia
47.6%
Bangladesh
47.5%
Burundi
47.5%
Dominican Republic
47.5%
Grenada
47.5%
Mauritius
47.5%
Comoros
47.5%
Tajikistan
47.5%
Equatorial Guinea
47.5%
Antigua and Barbuda
47.5%
Saint Vincent and the Grenadines
47.5%
Sao Tome and Principe
47.5%
Guinea-Bissau
47.5%
Kosovo
47.4%

You're not logged in!

Compare scores with friends on all Sporcle quizzes.
OR
Log In

You Might Also Like...

Show Comments

Extras

Top Quizzes Today


Score Distribution

Your Account Isn't Verified!

In order to create a playlist on Sporcle, you need to verify the email address you used during registration. Go to your Sporcle Settings to finish the process.

Report this User

Report this user for behavior that violates our Community Guidelines.

Details: